[Event "Central Asia Cup 3rd"]
[Site "Dushanbe"]
[Date "2013.10.13"]
[Round "2"]
[White "Isaev, Jamshed"]
[Black "Tokhirjonova, Gulruhbegim"]
[Result "1-0"]
[WhiteElo "2322"]
[BlackElo "2113"]
[PlyCount "59"]
[EventDate "2013.10.12"]
[EventType "swiss"]
[EventRounds "9"]
[EventCountry "TJK"]
[SourceTitle "EXT 2014"]
[Source "ChessBase"]
[SourceDate "2013.11.20"]
[SourceVersion "1"]
[SourceVersionDate "2013.11.20"]
[SourceQuality "1"]

1. e4 e5 2. Nf3 Nc6 3. Bb5 a6 4. Ba4 Nf6 5. 0-0 Be7 6. Re1 b5 7. Bb3 0-0 8. h3 d6 9. c3 Na5 10. Bc2 c5 11. d4 Qc7 12. Nbd2 Be6 13. Nf1 Ne8 14. Ne3 g6 15. dxe5 dxe5 16. Nd5 Bxd5 17. Qxd5 Nc6 18. Nxe5 Nxe5 19. Qxa8 Nf6 20. Qxa6 Rb8 21. b3 Rb6 22. Qa3 c4 23. b4 Qd7 24. Be3 Rd6 25. Red1 Nd3 26. Bxd3 Rxd3 27. Qa8+ Kg7 28. Bd4 Rxd1+ 29. Rxd1 Qe6 30. Qb7 1-0

[Event "Dubai op 15th"]
[Site "Dubai"]
[Date "2013.04.15"]
[Round "9"]
[White "Isaev, Jamshed"]
[Black "Burmakin, Vladimir"]
[Result "0-1"]
[WhiteElo "2355"]
[BlackElo "2580"]
[PlyCount "212"]
[EventDate "2013.04.07"]
[EventType "swiss"]
[EventRounds "9"]
[EventCountry "UAE"]
[SourceTitle "CBM 153 Extra"]
[Source "ChessBase"]
[SourceDate "2013.04.22"]
[SourceVersion "1"]
[SourceVersionDate "2013.04.22"]
[SourceQuality "1"]

1. e4 c6 2. d4 d5 3. exd5 cxd5 4. c4 Nf6 5. Nc3 g6 6. Qb3 Bg7 7. cxd5 0-0 8. Be2 Na6 9. Bf3 Qb6 10. Qxb6 axb6 11. Nge2 Nb4 12. 0-0 Rd8 13. d6 Rxd6 14. Bf4 Rd7 15. Rfd1 Nfd5 16. Bg3 Nxc3 17. bxc3 Nc6 18. Nf4 Ra5 19. Nd3 Ra3 20. Rac1 Rxa2 21. Ra1 Ra5 22. Rdb1 Rxa1 23. Rxa1 Na5 24. Rb1 Nc4 25. Bf4 Rd8 26. Rb4 Be6 27. Bxb7 Bxd4 28. cxd4 Rxd4 29. Ba6 Rxd3 30. h3 Rc3 31. Bh6 f6 32. Bxc4 Rxc4 33. Rxb6 Kf7 34. Be3 g5 35. Rb7 h5 36. Bd2 Rd4 37. Be3 Rd5 38. Kh2 Bd7 39. Rb2 Bb5 40. Rd2 Re5 41. Rc2 Bd7 42. Rc7 Rd5 43. Rc5 Rd1 44. h4 gxh4 45. Rxh5 h3 46. Rh7+ Kf8 47. gxh3 Bf5 48. Rh4 Kf7 49. Rd4 Rb1 50. Rc4 e5 51. Rc1 Rb8 52. Rc7+ Kg6 53. Kg3 Rh8 54. h4 Rg8 55. f3 Bd3 56. Kf2 Ra8 57. Rc6 Ra2+ 58. Kg3 Bf1 59. Bf2 Ra3 60. Be1 Bb5 61. Rc3 Ra1 62. Bf2 Kf5 63. Be3 Be8 64. Rc8 Bf7 65. Rf8 Ke6 66. Rh8 Ra3 67. Kf2 Ra2+ 68. Kg3 Re2 69. Bf2 Rc2 70. h5 Kf5 71. h6 Kg6 72. Be3 Rc3 73. Kf2 f5 74. Rd8 Rc2+ 75. Rd2 Rc7 76. Rd6+ Kh7 77. f4 e4 78. Bd4 Bg6 79. Bg7 Ra7 80. Rd8 Bh5 81. Rh8+ Kg6 82. Rb8 Ra2+ 83. Rb2 Ra3 84. Rb6+ Kh7 85. Be5 e3+ 86. Kg2 e2 87. Rb1 Kxh6 88. Rb6+ Kh7 89. Rb7+ Kg6 90. Rb6+ Kf7 91. Rb1 Bg4 92. Re1 Ke6 93. Kf2 Kd5 94. Rxe2 Bxe2 95. Kxe2 Ke4 96. Kf2 Ra2+ 97. Kg3 Ke3 98. Bc7 Rb2 99. Be5 Rb6 100. Kg2 Rg6+ 101. Kf1 Kf3 102. Ke1 Rc6 103. Kd2 Rc4 104. Ke1 Rb4 105. Bc7 Re4+ 106. Kd2 Rxf4 0-1

[Event "Olympiad-40"]
[Site "Istanbul"]
[Date "2012.09.05"]
[Round "8.4"]
[White "Isaev, Jamshed"]
[Black "Golizadeh, Asghar"]
[Result "0-1"]
[WhiteElo "2357"]
[BlackElo "2472"]
[PlyCount "124"]
[EventDate "2012.08.28"]
[EventType "team-swiss"]
[EventRounds "11"]
[EventCountry "TUR"]
[SourceTitle "CBM 151"]
[Source "ChessBase"]
[SourceDate "2012.11.13"]
[SourceVersion "1"]
[SourceVersionDate "2012.11.13"]
[SourceQuality "1"]
[WhiteTeam "Tajikistan"]
[BlackTeam "Iran"]
[WhiteTeamCountry "TJK"]
[BlackTeamCountry "IRI"]

1. e4 c5 2. Nf3 e6 3. d4 cxd4 4. Nxd4 a6 5. Nc3 b5 6. Bd3 Qb6 7. Nb3 Qc7 8. 0-0 d6 9. f4 Nd7 10. Qf3 Ngf6 11. Bd2 Bb7 12. Rae1 g6 13. Qh3 Bg7 14. f5 gxf5 15. exf5 e5 16. a4 bxa4 17. Nxa4 0-0 18. Re3 Kh8 19. c4 Rg8 20. Rf2 Rab8 21. Na5 Ba8 22. b4 e4 23. Be2 Ne5 24. Bc3 Neg4 25. Bxg4 Nxg4 26. f6 Bh6 27. Rg3 Qd7 28. Nb2 e3 29. Re2 Qf5 30. Nb3 Bf4 31. Nd4 Qg6 32. Rxg4 Qxg4 33. Qxg4 Rxg4 34. Nd3 Be5 35. Nxe5 dxe5 36. Nf5 Rd8 37. Nxe3 Re4 38. Kf2 Rd6 39. Rd2 Rxd2+ 40. Bxd2 Rf4+ 41. Kg3 Rxf6 42. Bc3 Re6 43. Kg4 Be4 44. g3 Rg6+ 45. Kh4 f6 46. g4 Kg7 47. Kg3 Kf7 48. Kf2 Ke6 49. h3 Rg8 50. Ke2 Rd8 51. Be1 Rd3 52. h4 Rb3 53. Bd2 Rb1 54. Be1 Rb3 55. Bd2 Bd3+ 56. Kf2 Rb1 57. c5 Be4 58. Ke2 Rb2 59. Nd1 Bf3+ 60. Kxf3 Rxd2 61. Ne3 Rd4 62. c6 Rd6 0-1

[Event "Olympiad-40"]
[Site "Istanbul"]
[Date "2012.09.04"]
[Round "7.3"]
[White "Isaev, Jamshed"]
[Black "Wanyama, Harold"]
[Result "1-0"]
[WhiteElo "2357"]
[BlackElo "2159"]
[PlyCount "55"]
[EventDate "2012.08.28"]
[EventType "team-swiss"]
[EventRounds "11"]
[EventCountry "TUR"]
[SourceTitle "CBM 151"]
[Source "ChessBase"]
[SourceDate "2012.11.13"]
[SourceVersion "1"]
[SourceVersionDate "2012.11.13"]
[SourceQuality "1"]
[WhiteTeam "Tajikistan"]
[BlackTeam "Uganda"]
[WhiteTeamCountry "TJK"]
[BlackTeamCountry "UGA"]

1. e4 c5 2. Nf3 d6 3. d4 cxd4 4. Nxd4 Nf6 5. Nc3 a6 6. Bc4 e6 7. Bb3 Be7 8. g4 Qa5 9. Bd2 Qb6 10. Be3 Qa5 11. f3 b5 12. Qd2 Bb7 13. 0-0-0 Nbd7 14. g5 Nh5 15. Kb1 Nc5 16. Nf5 exf5 17. Bxc5 b4 18. Ba4+ Kf8 19. Bxd6 Rd8 20. Bxb4 Rxd2 21. Bxa5 Rxd1+ 22. Rxd1 Bxg5 23. Bb4+ Kg8 24. Rd7 Bc8 25. Rc7 Be6 26. exf5 Bxf5 27. Bb3 h6 28. Bxf7+ 1-0

[Event "Olympiad-40"]
[Site "Istanbul"]
[Date "2012.08.29"]
[Round "2.4"]
[White "Isaev, Jamshed"]
[Black "Nikolov, Momchil"]
[Result "0-1"]
[WhiteElo "2357"]
[BlackElo "2563"]
[PlyCount "90"]
[EventDate "2012.08.28"]
[EventType "team-swiss"]
[EventRounds "11"]
[EventCountry "TUR"]
[SourceTitle "CBM 151"]
[Source "ChessBase"]
[SourceDate "2012.11.13"]
[SourceVersion "1"]
[SourceVersionDate "2012.11.13"]
[SourceQuality "1"]
[WhiteTeam "Tajikistan"]
[BlackTeam "Bulgaria"]
[WhiteTeamCountry "TJK"]
[BlackTeamCountry "BUL"]

1. e4 c5 2. Nf3 e6 3. d4 cxd4 4. Nxd4 a6 5. Nc3 Qc7 6. Bd3 Nf6 7. Qe2 d6 8. f4 Nbd7 9. g4 Nc5 10. g5 Nfd7 11. Bd2 g6 12. f5 Ne5 13. 0-0 Qb6 14. Be3 Qxb2 15. Ncb5 axb5 16. Nxb5 Ncxd3 17. Nc7+ Kd8 18. Nxa8 Nc5 19. Bxc5 dxc5 20. Rfd1+ Nd7 21. Rab1 Qe5 22. Nb6 gxf5 23. Rd2 Rg8 24. Nxd7 Bxd7 25. Rbd1 Rxg5+ 26. Kh1 Ke8 27. Rxd7 Be7 28. Rxb7 Bd6 29. Rf1 Rg4 30. Rg1 h5 31. a4 Kf8 32. Rxg4 hxg4 33. Rb1 f4 34. Re1 f3 35. Qf2 c4 36. Qh4 Qf4 37. Qh8+ Ke7 38. Qh4+ Ke8 39. Qf2 Qe5 40. Qh4 Qf4 41. Qf2 Bc5 42. Qg3 Qd2 43. Rb1 Bd6 44. Qg1 Qh6 45. Rf1 Qh5 0-1

[Event "Central Asia Cup 2nd"]
[Site "Bishkek"]
[Date "2012.06.18"]
[Round "7"]
[White "Isaev, Jamshed"]
[Black "Tologontegin, Semetey"]
[Result "0-1"]
[WhiteElo "2366"]
[BlackElo "2310"]
[PlyCount "66"]
[EventDate "2012.06.12"]
[EventType "swiss"]
[EventRounds "9"]
[EventCountry "KGZ"]
[SourceTitle "EXT 2013"]
[Source "ChessBase"]
[SourceDate "2012.11.22"]
[SourceVersion "1"]
[SourceVersionDate "2012.11.22"]
[SourceQuality "1"]

1. e4 g6 2. d4 Bg7 3. Nc3 c6 4. Bc4 d6 5. Qf3 e6 6. Bf4 d5 7. Bb3 Nf6 8. 0-0-0 dxe4 9. Nxe4 Nxe4 10. Qxe4 Nd7 11. Nf3 0-0 12. Bg5 Qc7 13. Qh4 a5 14. a4 b5 15. c3 bxa4 16. Bxa4 Nb6 17. Bc2 Nd5 18. Bh6 a4 19. c4 Nb4 20. Bxg7 Kxg7 21. Ng5 h6 22. Ne4 Ba6 23. Qf6+ Kh7 24. h4 Nxc2 25. h5 g5 26. Kxc2 Bxc4 27. Rde1 Bb3+ 28. Kd3 a3 29. bxa3 Rxa3 30. Ra1 Ba2+ 31. Nc3 Qa5 32. Rhc1 Bc4+ 33. Kxc4 Rxc3+ 0-1

[Event "Central Asia Cup 2nd"]
[Site "Bishkek"]
[Date "2012.06.14"]
[Round "3"]
[White "Isaev, Jamshed"]
[Black "Barsov, Alexei"]
[Result "0-1"]
[WhiteElo "2366"]
[BlackElo "2538"]
[PlyCount "106"]
[EventDate "2012.06.12"]
[EventType "swiss"]
[EventRounds "9"]
[EventCountry "KGZ"]
[SourceTitle "EXT 2013"]
[Source "ChessBase"]
[SourceDate "2012.11.22"]
[SourceVersion "1"]
[SourceVersionDate "2012.11.22"]
[SourceQuality "1"]

1. e4 e6 2. d4 d5 3. Nc3 Bb4 4. e5 c5 5. a3 Bxc3+ 6. bxc3 Ne7 7. Qg4 Kf8 8. a4 Qc7 9. Kd1 b6 10. h4 Ba6 11. Bxa6 Nxa6 12. Qe2 Nb8 13. Nf3 Nbc6 14. Rb1 Na5 15. h5 h6 16. g4 cxd4 17. cxd4 Qc4 18. Qxc4 Nxc4 19. Nh4 f6 20. exf6 gxf6 21. Rb3 Kf7 22. Rf3 Rag8 23. Rg1 Rh7 24. Bf4 Nf5 25. Nxf5 exf5 26. Rfg3 Rxg4 27. Rxg4 fxg4 28. Rxg4 Nb2+ 29. Kd2 Nxa4 30. Rg6 Nb2 31. Rxh6 Rxh6 32. Bxh6 a5 33. f3 b5 34. Kc3 Nc4 35. Bf4 Ke6 36. Bc1 Kf5 37. Kb3 Ke6 38. Kc3 Nd6 39. Kd3 b4 40. Bd2 Nc4 41. Ke2 Kf5 42. Bh6 a4 43. Bf8 a3 44. Bxb4 a2 45. Bc3 Kg5 46. Ba1 Kxh5 47. Kd3 Kg5 48. Kc3 Kf4 49. Kb3 Kxf3 50. Kxa2 Ke2 51. Bb2 Kd2 52. Kb1 Nxb2 53. Kxb2 f5 0-1